The complete notebooks of Henry James / (Record no. 1106)

000 -LEADER
fixed length control field 01172nam a22003377a 4500
001 - CONTROL NUMBER
control field 3824547
003 - CONTROL NUMBER IDENTIFIER
control field OSt
005 - DATE AND TIME OF LATEST TRANSACTION
control field 20210426124328.0
008 - FIXED-LENGTH DATA ELEMENTS--GENERAL INFORMATION
fixed length control field 860812s1987 nyuaf 001 0 eng
010 ## - LIBRARY OF CONGRESS CONTROL NUMBER
LC control number 86021680
020 ## - INTERNATIONAL STANDARD BOOK NUMBER
International Standard Book Number 0195037820 (alk. paper)
040 ## - CATALOGING SOURCE
Original cataloging agency DLC
Transcribing agency DLC
Modifying agency DLC
Language of cataloging eng
041 ## - LANGUAGE CODE
Language code of text/sound track or separate title eng
050 00 - LIBRARY OF CONGRESS CALL NUMBER
Classification number PS2123
Item number .A3 1987
080 ## - UNIVERSAL DECIMAL CLASSIFICATION NUMBER
Universal Decimal Classification number 92
Item number E-21
082 00 - DEWEY DECIMAL CLASSIFICATION NUMBER
Classification number 818/.403
Edition number 19
100 1# - MAIN ENTRY--PERSONAL NAME
Personal name James, Henry,
Dates associated with a name 1843-1916.
245 14 - TITLE STATEMENT
Title The complete notebooks of Henry James /
Statement of responsibility, etc. edited with introductions and notes by Leon Edel and Lyall H. Powers.
Remainder of title / by: Oxford University Press
260 ## - PUBLICATION, DISTRIBUTION, ETC.
Place of publication, distribution, etc. New York
Name of publisher, distributor, etc. Oxford University Press
Date of publication, distribution, etc. 1987.
300 ## - PHYSICAL DESCRIPTION
Extent xxix, 633 p., [8] p. of plates
Other physical details ill.
Dimensions 24 cm.
365 ## - TRADE PRICE
Price amount 30 usd
500 ## - GENERAL NOTE
General note Includes index.
600 10 - SUBJECT ADDED ENTRY--PERSONAL NAME
Personal name James, Henry,
Dates associated with a name 1843-1916
General subdivision Notebooks, sketchbooks, etc.
650 #0 - SUBJECT ADDED ENTRY--TOPICAL TERM
9 (RLIN) 237
Topical term or geographic name entry element Biography
653 ## - INDEX TERM--UNCONTROLLED
Uncontrolled term ბიოგრაფია
700 1# - ADDED ENTRY--PERSONAL NAME
Personal name Edel, Leon,
Dates associated with a name 1907-1997.
700 1# - ADDED ENTRY--PERSONAL NAME
Personal name Powers, Lyall Harris,
Dates associated with a name 1924-
856 42 - ELECTRONIC LOCATION AND ACCESS
Materials specified Publisher description
Uniform Resource Identifier <a href="http://www.loc.gov/catdir/enhancements/fy0638/86021680-d.html">http://www.loc.gov/catdir/enhancements/fy0638/86021680-d.html</a>
906 ## - LOCAL DATA ELEMENT F, LDF (RLIN)
a 7
b cbc
c orignew
d 1
e ocip
f 19
g y-gencatlg
942 ## - ADDED ENTRY ELEMENTS (KOHA)
Source of classification or shelving scheme
Koha item type Books
Holdings
Withdrawn status Lost status Source of classification or shelving scheme Damaged status Not for loan Permanent location Current location Date acquired Inventory number Total Checkouts Full call number Barcode Date last seen Price effective from Koha item type
          Ken Walker International University Ken Walker International University 02/01/2021 856   92 E-21 856 02/01/2021 02/01/2021 Books

Powered by Koha